000 00398cam a2200157ua 4500
020 _a81-7233-071-5
041 _aeng
_h
082 _a551.49
_bSAN/GR
100 _aSankara pitchaiah, P .
245 _aGround water /
_cP Sankara pitchaiah.
_hTextual Documents
260 _aJodhpur :
_bScientific Publishers ,
_c1995.
300 _a304 ; .
504 _a
942 _cBK
999 _c11303
_d11303